000 00526nam a22001937a 4500
005 20251108170958.0
008 250721s1998 xx 000 0 ara d
082 1 4 _a214.5/نحو
100 1 _aالنحوي، عدنان علي
245 1 0 _aأب يرثي أبنه /
264 1 _aالرياض :
_bدار النحوي،
_c1998.
300 _a163ص.
650 1 7 _aالموت
650 1 7 _aالحياة الأخرة
650 1 7 _aالشعر العربي
650 1 7 _aالرثاء
942 _2ddc
_cBK
999 _c53522
_d53522